Loading...
| Fine Arts - Auditory Fine Arts | 3 | 10.00 | 100% | 0% | 0% |
| Fine Arts - Other Fine Arts | 3 | 10.00 | 100% | 0% | 0% |
| Fine Arts - Visual Fine Arts | 6 | 11.67 | 100% | 17% | 0% |
| History - American History | 2 | 10.00 | 50% | 50% | 0% |
| History - European History | 3 | 13.33 | 100% | 33% | 0% |
| History - Other History | 2 | 10.00 | 100% | 0% | 0% |
| History - World History | 3 | 10.00 | 100% | 0% | 0% |
| Literature - American Literature | 3 | 10.00 | 67% | 33% | 0% |
| Literature - British Literature | 3 | 10.00 | 100% | 0% | 0% |
| Literature - European Literature | 3 | 6.67 | 33% | 33% | 0% |
| Literature - World Literature | 5 | 12.00 | 100% | 20% | 0% |
| Mythology | 5 | 12.00 | 100% | 20% | 0% |
| Other Academic | 1 | 10.00 | 100% | 0% | 0% |
| Philosophy | 4 | 10.00 | 75% | 25% | 0% |
| Pop Culture | 1 | 20.00 | 100% | 100% | 0% |
| Popular Culture | 1 | 20.00 | 100% | 0% | 100% |
| Religion | 3 | 6.67 | 33% | 33% | 0% |
| Science - Biology | 4 | 10.00 | 75% | 25% | 0% |
| Science - Chemistry | 1 | 0.00 | 0% | 0% | 0% |
| Science - Other Science | 3 | 16.67 | 100% | 33% | 33% |
| Science - Physics | 2 | 5.00 | 50% | 0% | 0% |
| Social Science | 3 | 6.67 | 67% | 0% | 0% |